Los territorios nacionales australes en la historia constitucional Argentina : el caso de Tierra del Fuego /

Guardado en:
Autor Principal: Leiva, Alberto David, (coord.)
Otros Autores: Alvarez, Silvia T., Torre, Elena B., Cimatti, Roberto D., Cinquegrani, Mirian A.
Formato: Libro
Idioma:Spanish
Publicado: Bahía Blanca : Universidad Nacional del Sur, 2001.
Edición:1a. ed.
Materias:
Etiquetas: Agregar Etiqueta
Sin Etiquetas, Sea el primero en etiquetar este registro!
LEADER 00802nam a22002055a 4500
001 DER.der015626
008 251226s2001####ag#||||||||||||||#||spa||
005 20251226112506.0
245 1 0 |a Los territorios nacionales australes en la historia constitucional Argentina :  |b el caso de Tierra del Fuego /  |c coordinado Alberto David Leiva. 
250 |a 1a. ed. 
260 |a Bahía Blanca :  |b Universidad Nacional del Sur,  |c 2001. 
500 |a Publicaciones de la cátedra de historia constitucional Universidad Nacional del Sur 
020 |a 987928142X 
100 1 |a Leiva, Alberto David,  |e coord. 
700 1 |a Alvarez, Silvia T. 
700 1 |a Torre, Elena B. 
700 1 |a Cimatti, Roberto D. 
700 1 |a Cinquegrani, Mirian A. 
650 7 |a DERECHO CONSTITUCIONAL 
859 |a DERECHO  |b BIB. DERECHO  |h 342.029  |i TER  |p 007602